Counselor impact on college choice (Record no. 65140)

MARC details
000 -CABECERA
campo de control de longitud fija 00653nam a2200253 a 4500
005 - FECHA Y HORA DE LA ÚLTIMA TRANSACCIÓN
campo de control 20210219152953.0
008 - ELEMENTOS DE LONGITUD FIJA--INFORMACIÓN GENERAL
campo de control de longitud fija 991125n 000 0 u
035 ## - NÚMERO DE CONTROL DEL SISTEMA
Número de control de sistema UPN01000069860
100 ## - ASIENTO PRINCIPAL--NOMBRE PERSONAL
Nombre de persona Hohnson, Richard G.
222 ## - TÍTULO CLAVE
Título clave SCHOOL COUNSELOR
245 ## - MENCIÓN DE TÍTULO
Título Counselor impact on college choice
300 ## - DESCRIPCIÓN FÍSICA
Extensión 84-90
362 ## - FECHAS DE PUBLICACIÓN Y/O DESIGNACIÓN SECUENCIAL
Fecha de publicación y/o designación secuencial 39, No. 2, 1991
505 ## - NOTA DE CONTENIDO CON FORMATO PREESTABLECIDO
Nota de contenido con formato Junio 1992
653 0# - TERMINO DE INDIZACION - NO CONTROLADO
Término no controlado ASESORES
653 0# - TERMINO DE INDIZACION - NO CONTROLADO
Término no controlado CONSEJEROS ESCOLARES
653 0# - TERMINO DE INDIZACION - NO CONTROLADO
Término no controlado EDUCACION SUPERIOR
653 0# - TERMINO DE INDIZACION - NO CONTROLADO
Término no controlado ESTUDIANTES
653 0# - TERMINO DE INDIZACION - NO CONTROLADO
Término no controlado SELECCION DE COLEGIO
700 ## - ASIENTO SECUNDARIO--NOMBRE DE PERSONAL
Nombre de persona Stewart, Norman R.
700 ## - ASIENTO SECUNDARIO--NOMBRE DE PERSONAL
Nombre de persona Eberly, Charles G.
904 ## - ELEMENTOS DE DATOS D LOCAL, LDD (RLIN)
a AC
b 007671
905 ## - TIPO DE MATERIAL
Tipo de material Articulo

No items available.